00534 a2200121 4500082001400000100001800014245013100032260008200163300003800245500005700283700001500340856005700355 aBEE-2 OSA aM. Osama Virk aForecasting the impact of wide spread use of energy savers in the IESCO network of PakistancMuhammad Osama Virk & Saad Naeem aIslamabad :bNUST School of Electrical Engineering & Computer Science,c2009. a137 p. :bill. ;c27 cm +eCD-ROM aSupervisors : Ms Madeeha Owais, Mr.Hadeed Ahmed Sher aSaad Naeem uhttp://10.250.8.41:8080/xmlui/handle/123456789/10797